00580nam a2200157 a 450000500170000000800410001702000180005805000230007610000200009924500420011926000430016130000230020452001510022765000170037865000270039520140412111250.0000822s19uu xx 00 eng d a0-590-54331-8 aTR(PS EbBo63 1996 aRylant, Cynthia aBookshop dog (The) /cCynthia Rylant. aNew York :bThe Blue Sky Press,c1996. a1 v. (Unp.) ; ill. aWhen Martha Jane's owner falls ill and has to go to the hospital, the inhabitants of her small town bicker over who will care for the beloved dog. aDogs-Fiction aNeighborliness-Fiction